000
00257nam a2200109Ia 4500
005
20251222114410.0
008
251222s1900||||xx |||||||||||||| ||spa||
082
_a
DVD0098/L85/1995
245
0
_a
Ricardo III.
264
_b
Katselas Paré, Lisa
942
_c
DVD
999
_c
1988
_d
1988